| 000 | 01105nam a2200361 i 4500 | ||
|---|---|---|---|
| 999 |
_c200459328 _d77540 |
||
| 001 | 200459328 | ||
| 003 | TR-AnTOB | ||
| 005 | 20241025093938.0 | ||
| 007 | ta | ||
| 008 | 240202t20222022tu b 000 0 tur d | ||
| 020 |
_a9786052428122 _q(paperback) |
||
| 035 | _a(TR-AnTOB)200459328 | ||
| 040 |
_aTR-AnTOB _beng _erda _cTR-AnTOB |
||
| 041 | 0 | _atur | |
| 050 | 4 |
_aKKX4610 _b.C46 2022 |
|
| 090 |
_aKKX4610 _b.C46 2022 |
||
| 100 | 1 |
_aCentel, Nur Başar _eauthor _9115658 |
|
| 245 | 1 | 0 |
_aCeza muhakemesi hukuku / _cProf. Dr. Nur Centel, Prof. Dr. Hamide Zafer. |
| 250 | _aYenilenmiş ve gözden geçirilmiş 21. bası. | ||
| 264 | 1 |
_aİstanbul : _bBeta Basım, _c2022. |
|
| 264 | 4 | _c©2022 | |
| 300 |
_al, 1086 pages ; _c24 cm |
||
| 336 |
_atext _btxt _2rdacontent |
||
| 337 |
_aunmediated _bn _2rdamedia |
||
| 338 |
_avolume _bnc _2rdacarrier |
||
| 490 | 0 |
_aHukuk dizisi ; _v2015 |
|
| 500 | _a"Yayın no, 4128"--Title page verso. | ||
| 504 | _aBIB | ||
| 650 | 0 |
_aCeza yargılaması _zTürkiye _9115759 |
|
| 700 | 1 |
_aZafer, Hamide _eauthor _973187 |
|
| 942 |
_2lcc _cBK |
||